Taxation laws : (Record no. 103958)
[ view plain ]
| 000 -LEADER | |
|---|---|
| fixed length control field | 00727nam a22001937a 4500 |
| 005 - DATE AND TIME OF LATEST TRANSACTION | |
| control field | 20191107153136.0 |
| 010 ## - LCCN (DPL NO) | |
| LC control number | B-634826 |
| 020 ## - INTERNATIONAL STANDARD BOOK NUMBER | |
| International Standard Book Number | 9789380231358 |
| Terms of availability | 495.00 |
| 035 ## - SYSTEM CONTROL NUMBER | |
| System control number | B-634826 |
| 037 ## - SOURCE OF ACQUISITION | |
| Source of stock number/acquisition | DPL/Pansy Books |
| 082 ## - DEWEY DECIMAL CLASSIFICATION NUMBER | |
| Classification number | 343.5404 |
| 100 ## - MAIN ENTRY--PERSONAL NAME | |
| Personal name | Rai,Kailash |
| 245 ## - TITLE STATEMENT | |
| Title | Taxation laws : |
| Remainder of title | law of income tax and wealth tax / |
| Statement of responsibility, etc | by Kailash Rai |
| 260 ## - PUBLICATION, DISTRIBUTION, ETC. (IMPRINT) | |
| Place of publication, distribution, etc | Delhi |
| Name of publisher, distributor, etc | Allahabad Law Agency |
| Date of publication, distribution, etc | 2015(repr.) |
| 270 ## - ADDRESS | |
| Address | 1559, Outram Lines , Near Kingsway Camp |
| City | Delhi |
| Postal code | 110009 |
| 300 ## - PHYSICAL DESCRIPTION | |
| Extent | xix,739p. |
| Dimensions | 24cm(pbk) |
| 942 ## - ADDED ENTRY ELEMENTS (KOHA) | |
| Source of classification or shelving scheme | Dewey Decimal Classification |
| Item type | English Books |
| Classification part | 343.5404 |
| Call number suffix | RAI |
| Withdrawn status | Lost status | Not for loan | Collection code | Home library | Current library | Date acquired | Source of acquisition | Cost, normal purchase price | Full call number | Barcode | Copy number | Cost, replacement price | Koha item type |
|---|---|---|---|---|---|---|---|---|---|---|---|---|---|
| Non-fiction | Central Library | Central Library | 10/10/2016 | Pansy Books/RP/1598/29.9.16/1/29.9.16/30.9.16 | 495.00 | 343.5404 RAI | B-634826 | 1 | 495.00 | English Books |
